01071nam a2200289Ia 4500001001200000003000800012006001900020007001500039008004100054020001500095040002100110035002000131050002700151082001500178100003200193245006700225260005000292300002300342500002000365533015200385650003000537650002500567655002900592710001700621856012600638999001700764ebr10084479CaPaEBRm u cr cn|||||||||031229s2005 maua s 001 0 eng d z159200539X aCaPaEBRcCaPaEBR a(OCoLC)8437392314aML74.4.S68bS65 2005eb04a786.762221 aSmithers, A. B.q(A. Brian)10aSound forge X power!h[electronic resource] /cBrian Smithers. aBoston :bThompson Course Technology,cc2005. axx, 428 p. :bill. aIncludes index. aElectronic reproduction.bPalo Alto, Calif. :cebrary,d2009.nAvailable via World Wide Web.nAccess may be limited to ebrary affiliated libraries. 0aMusicxComputer programs. 0aSoftware sequencers. 7aElectronic books.2local2 aebrary, Inc.40uhttp://site.ebrary.com/lib/rucke/Doc?id=10084479zAn electronic book accessible through the World Wide Web; click to view c65946d65946